[Event "BEL-ch U16"]
[Site "Houffalize"]
[Date "2011.04.22"]
[Round "8"]
[White "Saligo, Laura"]
[Black "Rodriguez, Abelardo"]
[Result "1-0"]
[WhiteElo "1758"]
[BlackElo "1792"]
[PlyCount "131"]
[EventDate "2011.04.17"]
[EventType "swiss"]
[EventRounds "9"]
[EventCountry "BEL"]
[SourceTitle "EXT 2012"]
[Source "ChessBase"]
[SourceDate "2011.11.24"]
[SourceVersion "1"]
[SourceVersionDate "2011.11.24"]
[SourceQuality "1"]

1. d4 c5 2. c3 e6 3. Nf3 Nf6 4. Bf4 Qb6 5. Qc2 Nc6 6. e3 cxd4 7. exd4 g6 8. Nbd2 Bg7 9. Nc4 Qd8 10. Nd6+ Ke7 11. Nb5 Ne8 12. Bd3 a6 13. Na3 f5 14. 0-0 Kf7 15. Ng5+ Kg8 16. Nf3 h6 17. Be5 b6 18. Nc4 Bb7 19. a4 g5 20. Bxg7 Kxg7 21. d5 Ne7 22. dxe6 dxe6 23. Nd4 Bd5 24. Rfe1 Kf6 25. Qe2 Ng7 26. Qe5+ Kg6 27. g4 Ra7 28. Ne3 Rf8 29. c4 Nc6 30. Nxc6 Bxc6 31. gxf5+ exf5 32. Bc2 Re7 33. Qc3 Qd6 34. Rad1 Qf4 35. Nd5 Qg4+ 36. Kh1 Rxe1+ 37. Rxe1 b5 38. f3 Bxd5 39. cxd5 Qf4 40. axb5 axb5 41. Re7 Nh5 42. Qc6+ Nf6 43. Bd1 g4 44. d6 Qd2 45. Be2 gxf3 46. Bxf3 Qf2 47. Be2 Rf7 48. Qxb5 Rxe7 49. dxe7 Kg5 50. Bd3 Qe1+ 51. Kg2 Qd2+ 52. Be2 Qe3 53. Bd3 Qd2+ 54. Kf3 Qd1+ 55. Ke3 Qe1+ 56. Kd4 Qxe7 57. Qxf5+ Kh4 58. Qf4+ Ng4 59. Qg3+ Kg5 60. h4+ Kh5 61. Bg6+ Kxg6 62. Qxg4+ Kf7 63. Qh5+ Kf8 64. Qc5 Kg8 65. Qh5 Kf8 66. Qg6 1-0

[Event "BEL-ch U16"]
[Site "Houffalize"]
[Date "2011.04.21"]
[Round "7"]
[White "Rodriguez, Abelardo"]
[Black "De Strycker, Nathan"]
[Result "0-1"]
[WhiteElo "1792"]
[BlackElo "1760"]
[PlyCount "78"]
[EventDate "2011.04.17"]
[EventType "swiss"]
[EventRounds "9"]
[EventCountry "BEL"]
[SourceTitle "EXT 2012"]
[Source "ChessBase"]
[SourceDate "2011.11.24"]
[SourceVersion "1"]
[SourceVersionDate "2011.11.24"]
[SourceQuality "1"]

1. e4 g6 2. d4 Bg7 3. Nf3 d6 4. Bf4 Nf6 5. Bd3 0-0 6. 0-0 Nbd7 7. c3 Re8 8. e5 Nh5 9. g3 Nxf4 10. gxf4 Bh6 11. f5 dxe5 12. fxg6 hxg6 13. Qc2 Kg7 14. dxe5 Nc5 15. Rd1 Nxd3 16. Nh4 Qd7 17. Qxd3 Qg4+ 18. Ng2 Bf5 19. Qf1 c5 20. f3 Qa4 21. Nd2 Bc2 22. b3 Qd7 23. Ne4 Bxd1 24. Rxd1 Qc7 25. Rd5 b6 26. e6 f5 27. Rd7 Qc6 28. Nd6 Qxd6 29. Rxd6 exd6 30. Qb5 Re7 31. Qc6 Rae8 32. Qxd6 Rxe6 33. Qd7+ R8e7 34. Qa4 Bd2 35. Qc4 Bg5 36. Qd3 Re2 37. a4 Rd2 38. Qf1 Ree2 39. f4 Rxg2+ 0-1

[Event "Maastricht Limburg op-B 4th"]
[Site "Maastricht"]
[Date "2010.05.22"]
[Round "3"]
[White "Porteman, Eric"]
[Black "Rodriguez, Abelardo"]
[Result "1-0"]
[WhiteElo "1931"]
[BlackElo "1734"]
[PlyCount "91"]
[EventDate "2010.05.21"]
[EventType "swiss"]
[EventRounds "7"]
[EventCountry "NED"]
[SourceTitle "EXT 2011"]
[Source "ChessBase"]
[SourceDate "2010.11.26"]
[SourceVersion "1"]
[SourceVersionDate "2010.11.26"]
[SourceQuality "1"]

1. c4 c5 2. Nc3 Nf6 3. g3 Nc6 4. Bg2 g6 5. Nf3 Bg7 6. 0-0 0-0 7. d4 d6 8. d5 Nb4 9. a3 Na6 10. e4 Nd7 11. Be3 Nc7 12. Qd2 Re8 13. Bh6 Bh8 14. Rae1 a6 15. h4 b5 16. cxb5 axb5 17. Ng5 Ba6 18. b4 Ne5 19. Bh3 f6 20. Qe2 fxg5 21. hxg5 Nf7 22. Nd1 Nxh6 23. gxh6 Bd4 24. Kh2 Bc8 25. g4 Rxa3 26. f4 Rf8 27. Kg2 cxb4 28. Rf3 Rxf3 29. Qxf3 Be5 30. f5 gxf5 31. exf5 Kh8 32. Nf2 Bb7 33. Kg1 Bxd5 34. Qe3 Rg8 35. Nd3 Bf6 36. Nxb4 Bb7 37. Qb6 Qb8 38. Rxe7 Nd5 39. Nxd5 Bxd5 40. Qe3 Qa8 41. Kh2 Qa2+ 42. Kg3 Be5+ 43. Rxe5 Bc4 44. Rxb5 Qa1 45. Rb4 Rc8 46. Rxc4 1-0

[Event "Maastricht Limburg op-B 4th"]
[Site "Maastricht"]
[Date "2010.05.22"]
[Round "2"]
[White "Rodriguez, Abelardo"]
[Black "Mollema, Thomas"]
[Result "1-0"]
[WhiteElo "1734"]
[BlackElo "1888"]
[PlyCount "125"]
[EventDate "2010.05.21"]
[EventType "swiss"]
[EventRounds "7"]
[EventCountry "NED"]
[SourceTitle "EXT 2011"]
[Source "ChessBase"]
[SourceDate "2010.11.26"]
[SourceVersion "1"]
[SourceVersionDate "2010.11.26"]
[SourceQuality "1"]

1. e4 e5 2. Nf3 Nc6 3. Bc4 Bc5 4. Nc3 Nf6 5. d3 d6 6. h3 Be6 7. Bb3 Qd7 8. Be3 Bxe3 9. fxe3 0-0-0 10. Qd2 h6 11. 0-0-0 Bxb3 12. axb3 d5 13. exd5 Nxd5 14. e4 Nf4 15. Nxe5 Nxe5 16. Qxf4 Ng6 17. Qf2 Kb8 18. Rhf1 Rhf8 19. Qc5 b6 20. Qf2 c6 21. Qg3+ Kb7 22. Rf2 Qe6 23. Rdf1 Rd7 24. Ne2 Re8 25. Nf4 Nxf4 26. Rxf4 f6 27. Qg4 Qd6 28. Qh5 Ree7 29. Rf5 Qg3 30. Qf3 Qd6 31. Qf4 Qxf4+ 32. R5xf4 Re5 33. Rf5 Rde7 34. g4 Kc7 35. Rxe5 fxe5 36. Kd2 Kd6 37. Rf8 c5 38. Kc3 Kc6 39. b4 cxb4+ 40. Kxb4 a5+ 41. Kc4 Re6 42. Rf7 g5 43. Rf8 b5+ 44. Kc3 Kb6 45. Rb8+ Kc6 46. Rc8+ Kb7 47. Rc5 Kb6 48. Rd5 Kc6 49. d4 exd4+ 50. Kxd4 Rf6 51. Rc5+ Kb6 52. Kd5 a4 53. Rc3 Rf2 54. e5 b4 55. Rc8 Rd2+ 56. Ke6 Kb5 57. Ke7 b3 58. Rb8+ Kc4 59. cxb3+ axb3 60. e6 Rxb2 61. Ke8 Kd5 62. e7 Kd6 63. Kd8 1-0

[Event "BEL-ch U14"]
[Site "Houffalize"]
[Date "2009.04.14"]
[Round "2"]
[White "Swijsen, Lars"]
[Black "Rodriguez, Abelardo"]
[Result "1-0"]
[WhiteElo "1884"]
[BlackElo "1398"]
[PlyCount "69"]
[EventDate "2009.04.13"]
[EventType "swiss"]
[EventRounds "9"]
[EventCountry "BEL"]
[SourceTitle "EXT 2012"]
[Source "ChessBase"]
[SourceDate "2011.11.24"]
[SourceVersion "1"]
[SourceVersionDate "2011.11.24"]
[SourceQuality "1"]

1. e4 e6 2. d4 d5 3. e5 c5 4. c3 Nc6 5. Nf3 Qb6 6. a3 cxd4 7. cxd4 Nge7 8. b4 Nf5 9. Bb2 Be7 10. h4 Bd7 11. g4 Nh6 12. Rg1 0-0-0 13. Nc3 a6 14. Na4 Qa7 15. Rc1 Kb8 16. Nc5 Bxc5 17. bxc5 f5 18. g5 Nf7 19. Bc3 Ka8 20. Rb1 Rb8 21. Rb6 Rbc8 22. Nd2 Nb8 23. Ba5 Bc6 24. Nb1 Nd7 25. Rb2 g6 26. Nc3 h6 27. Na4 Bxa4 28. Qxa4 b5 29. cxb6 Qb7 30. Bxa6 Qxa6 31. b7+ Ka7 32. bxc8Q Rxc8 33. Qxd7+ Ka8 34. Bd2 Nh8 35. f4 1-0